co to za krajj - Statystyki

Ogólne statystyki
  • Ten quiz został rozwiązany 20 razy
  • Średni wynik to 4 z 6
Statystyki odpowiedzi
Hint Odpowiedź % Poprawnych
najmniejszy kraj watykan
100%
najmłodszy kraj sudan południowy
80%
drugi najmniejszy kraj monako
67%
jaki kraj graniczy z danią poza niemcami kanada
60%
najmniejszy kraj w azji malediwy
47%
trzeci najmniejszy kraj nauru
47%
Nie znaleziono quizów pasujących do podanych kryteriów
Rozkład punktacji
Procent ludzi z każdym wynikiem
Percentyl według liczby udzielonych odpowiedzi
Twoja historia wyników
Nie rozwiązałeś tego quizu